000
00312nam a2200109Ia 4500
008
171211s9999 xx 000 0 und d
245
_a
Handbook of Venoms and Toxins of Reptiles
245
_c
Stephen P. Mackessy
260
_c
2009
650
_x
Biology
856
_u
http://down.ebook777.com/061/9780849391651.pdf
999
_c
350436
_d
350436